Statistics for Countries with Subway or Metro Systems

Click here to take the quiz!

General Stats

  • This quiz has been taken 615 times
    (526 since last reset)
  • The average score is 53 of 64

Answer Stats

# of SystemsCountry% Correct
4United Kingdom
99%
15 (1)United States
98%
33 (10)China
97%
6France
97%
14Japan
96%
7Brazil
95%
3Canada
95%
13 (7)India
95%
7Italy
95%
4Germany
94%
7 (1)Russia
93%
3Spain
93%
1Argentina
92%
(1)Australia
92%
1Finland
92%
2Mexico
92%
8South Korea
92%
1Sweden
92%
1Egypt
91%
1Norway
91%
1Austria
90%
5Turkey
90%
1Belgium
89%
1Denmark
89%
1 (1)Greece
89%
1Portugal
89%
2Netherlands
88%
1Chile
87%
1Colombia
87%
3Ukraine
87%
5 (4)Iran
86%
1Poland
86%
1Indonesia
85%
1Romania
85%
1Switzerland
84%
2Thailand
84%
1Hungary
83%
1 (1)Saudi Arabia
83%
1United Arab Emirates
83%
2Venezuela
82%
1Bulgaria
81%
1Czech Republic
81%
(1)Pakistan
81%
1Peru
81%
(2)Vietnam
81%
1Malaysia
80%
1Singapore
80%
1Algeria
79%
1Belarus
79%
1North Korea
78%
1Kazakhstan
75%
3 (2)Taiwan
74%
1Armenia
71%
1Azerbaijan
69%
2Philippines
69%
1Panama
66%
(1)Qatar
66%
1Georgia
65%
1Uzbekistan
65%
(1)Bangladesh
63%
(1)Ecuador
63%
(1)Nigeria
63%
1Dominican Republic
53%
(1)Ivory Coast
20%

Score Distribution

Percentile by Number Answered

Percent of People with Each Score

Your Score History

You have not taken this quiz since the last reset